| 000 | 00469nam a2200181Ia 4500 | ||
|---|---|---|---|
| 008 | 230524s9999 xx 000 0 und d | ||
| 020 | _a9789384588960 | ||
| 082 |
_a620.0042029 _bGUP |
||
| 100 |
_aB.V.R Gupta _942924 |
||
| 245 | 0 | _aEngineering Drawing with Auto CAD | |
| 250 | _a3 | ||
| 260 |
_aNew Delhi _bI.K.International _c2016 |
||
| 300 | _a"XXII,403p;" | ||
| 500 | _aQuantity Number: 1 | ||
| 650 | _aMechanics | ||
| 700 |
_aM.Raja Roy _942925 |
||
| 942 | _cBK | ||
| 999 |
_c57890 _d57890 |
||